Guess the rapper by picture - Statistics

General Stats
  • This quiz has been taken 553 times
    547 since last reset
  • The average score is 13 of 16
Answer Stats
Picture Answer % Correct
Kanye West
97%
Drake
95%
Lil uzi vert
90%
21 Savage
89%
Travis Scott
88%
J Cole
86%
Nicki Minaj
86%
Lil Baby
85%
Kendrick Lamar
84%
Pop Smoke
81%
Yeat
79%
Future
77%
Lil Yachty
74%
Playboi Carti
69%
Chief Keef
47%
Aboogiewitdahoodie
35%
No matching quizzes found
Score Distribution
Percent of People with Each Score
Percentile by Number Answered
Your Score History
You have not taken this quiz since the last reset